[Event "Plunge op-A 41st"]
[Site "Plateliai"]
[Date "2022.07.22"]
[Round "7"]
[White "Taujanskis, Eugenijus"]
[Black "Norkunas, Azuolas"]
[Result "1-0"]
[WhiteElo "1949"]
[BlackElo "1491"]
[PlyCount "71"]
[EventDate "2022.07.18"]
[EventType "swiss"]
[EventRounds "9"]
[EventCountry "LTU"]
[SourceTitle "CBM 209 Extra"]
[Source "ChessBase"]
[SourceDate "2022.09.30"]
[SourceVersion "1"]
[SourceVersionDate "2022.09.30"]
[SourceQuality "1"]

1. d4 Nf6 2. c4 e6 3. Nf3 d5 4. Nc3 Be7 5. Bg5 0-0 6. e3 h6 7. Bh4 Nbd7 8. Rc1 a6 9. cxd5 exd5 10. Bd3 Re8 11. 0-0 Nb6 12. Qc2 Be6 13. Ne5 Ng4 14. Bxe7 Qxe7 15. Nxg4 Bxg4 16. Rce1 c5 17. dxc5 Qxc5 18. Bh7+ Kh8 19. Bf5 Bxf5 20. Qxf5 Kg8 21. Rd1 Rad8 22. Rd4 g6 23. Qf3 f5 24. Rfd1 Re5 25. Qf4 Rde8 26. Qxh6 Kf7 27. Qh7+ Kf6 28. Qxb7 g5 29. h4 g4 30. Qxa6 R8e6 31. Qd3 g3 32. Rf4 gxf2+ 33. Rxf2 Ke7 34. Qd4 Qa5 35. b4 Qa3 36. Qc5+ 1-0

[Event "Baltija Cup 18th"]
[Site "Palanga"]
[Date "2022.06.20"]
[Round "1"]
[White "Vardanyan, Aras"]
[Black "Norkunas, Azuolas"]
[Result "1-0"]
[WhiteElo "2282"]
[BlackElo "1516"]
[PlyCount "59"]
[EventDate "2022.06.20"]
[EventType "swiss"]
[EventRounds "7"]
[EventCountry "LTU"]
[SourceTitle "CBM 209 Extra"]
[Source "ChessBase"]
[SourceDate "2022.09.30"]
[SourceVersion "1"]
[SourceVersionDate "2022.09.30"]
[SourceQuality "1"]

1. g3 e5 2. c4 Nc6 3. Bg2 g6 4. Nf3 Bg7 5. 0-0 Nge7 6. Nc3 d6 7. Rb1 a5 8. a3 Nd4 9. Ne1 0-0 10. e3 Ne6 11. b4 axb4 12. axb4 f5 13. f4 c6 14. Bb2 Nc7 15. Nc2 Be6 16. d3 Qb8 17. Qe2 b5 18. Ra1 Qb6 19. Kh1 bxc4 20. dxc4 e4 21. Rfd1 c5 22. Na4 Rxa4 23. Bxg7 Rfa8 24. Bb2 Ra2 25. Rab1 Ne8 26. Bf1 Kf7 27. Qd2 d5 28. cxd5 Nxd5 29. Bc4 Nxb4 30. Qd7+ 1-0